Le Squadre di Calcio di Serie A, B e C Italiane 2018-2019 - Statistics

Statistiche generali
  • Questo quiz è stato fatto 851 volte
  • Il punteggio medio è 56 su 98
Statistiche sulle risposte
Risposta % Corretto
A Internazionale
98%
A Juventus
98%
C - Girone A Juventus U23
98%
A Milan
98%
A Atalanta
95%
A Lazio
95%
A Napoli
95%
A Roma
95%
A Cagliari
93%
A Fiorentina
93%
A Torino
93%
A Bologna
92%
A Genoa
92%
A Sampdoria
92%
A Udinese
92%
A Sassuolo
91%
A Chievo
88%
B Palermo
88%
A Empoli
87%
B Hellas Verona
84%
A Parma
84%
A Frosinone
83%
B Lecce
82%
B Venezia
80%
C - Girone C Catania
79%
B Salernitana
79%
B Benevento
77%
B Crotone
77%
A SPAL
77%
B Brescia
75%
B Spezia
74%
B Ascoli
73%
C - Girone B Monza
73%
C - Girone A Pisa
71%
C - Girone C Catanzaro
70%
B Cremonese
70%
B Pescara
69%
C - Girone C Reggina
69%
B Perugia
68%
B Foggia
67%
B Livorno
64%
C - Girone B Ternana
64%
C - Girone B Vicenza Virtus
64%
B Cosenza
62%
B Padova
61%
C - Girone A Alessandria
60%
C - Girone B Pordenone
59%
C - Girone A Pro Vercelli
58%
C - Girone A Novara
57%
C - Girone B Südtirol
57%
C - Girone B Triestina
56%
C - Girone C Trapani
54%
B Carpi
53%
C - Girone A Piacenza
53%
C - Girone A Pro Piacenza
53%
C - Girone B Rimini
53%
B Cittadella
52%
C - Girone C Juve Stabia
52%
C - Girone A Siena
52%
C - Girone A Entella
50%
C - Girone C Potenza
50%
C - Girone B AlbinoLeffe
45%
C - Girone A Pro Patria
43%
C - Girone A Arezzo
42%
C - Girone A Carrarese
42%
C - Girone A Olbia
42%
C - Girone B Ravenna
42%
C - Girone C Matera
40%
C - Girone C Casertana
39%
C - Girone A Cuneo
38%
C - Girone A Lucchese
38%
C - Girone B FeralpiSalò
36%
C - Girone A Pistoiese
36%
C - Girone B Vis Pesaro
36%
C - Girone B Gubbio
35%
C - Girone C Siracusa
34%
C - Girone C Viterbese Castrense
34%
C - Girone C Monopoli
32%
C - Girone B Teramo
32%
C - Girone C Rieti
31%
C - Girone B Renate
27%
C - Girone B Sambenedettese
27%
C - Girone B Fermana
25%
C - Girone B Imolese
24%
C - Girone A Pontedera
24%
C - Girone B Giana Erminio
23%
C - Girone B Virtus Verona
23%
C - Girone C Vibonese
22%
C - Girone C Cavese
21%
C - Girone C Virtus Francavilla
21%
C - Girone C Paganese
19%
C - Girone B Fano
18%
C - Girone C Bisceglie
17%
C - Girone C Rende
14%
C - Girone C Sicula Leonzio
14%
C - Girone A Albissola
13%
C - Girone A Gozzano
13%
C - Girone A Arzachena
12%
Nessun quiz corrispondente trovato
Distribuzione punteggi
Percentuale di utenti per punteggio
Percentile per numero di risposta
I tuoi punteggi nel tempo
Non hai fatto questo quiz